000 00580nam a2200217Ia 4500
003 OSt
005 20230503160426.0
008 210423s2011 xx 000 0 und d
020 _a9780070966178
040 _cAL
041 _aeng
082 _a531 TAKR
_223
100 _aTAKWALE (R G);PURANIK (P S).
_995018
245 _aIntroduction to classical mechanics.
260 _aNew Delhi
_bTata McGraw-hill
_c2011
300 _ax,425
_bPB
365 _b350
_cINR
650 _aClassical Mechanics
_995019
906 _aclassical ; Introduction ; mechanics.
942 _2ddc
_cBK
999 _c161972
_d161972